| 000 | 01403nam a2200253 i 4500 | ||
|---|---|---|---|
| 001 | bg | ||
| 100 | 1 | _aTRACZEWSKA, Teodora Małgorzata | |
| 245 | 1 | 0 |
_aBiotoksyczność produktów mikrobiologicznych przemian antracenu i fenantrenu w wodzie oraz możliwość ich usuwania / _cTeodora Małgorzata Traczewska. |
| 246 | 1 | 1 | _aBiotoxicity of products of anthracene and phenanthrene transformation in water as well as their possible removal |
| 260 |
_aWrocław : _bOficyna Wydawnicza PW, _c2003. |
||
| 300 |
_a194 s. : _bfot., rys., tab., wykr. ; _c24 cm. |
||
| 490 | 1 |
_aPrace Naukowe Instytutu Inżynierii Ochrony Środowiska Politechniki Wrocławskiej. Monografie = _aScientific Papers of the Institute of Environment Protection Engineering of the Wrocław University of Technology. Monographs, _x0084-2869 ; _v42 |
|
| 500 | _aTyt. równol.: Biotoxicity of products of anthracene and phenanthrene transformation in water as well as their possible removal. Nr serii gł.: 75. - Streszcz. ang. | ||
| 504 | _aBibliogr. s. 180-190. | ||
| 650 | 9 |
_aAntracen _xmikrobiologia |
|
| 650 | 9 |
_aFenantren _xmikrobiologia |
|
| 650 | 9 |
_aUzdatnianie wody _xbadanie |
|
| 830 | 0 |
_aPrace Naukowe Instytutu Inżynierii Ochrony Środowiska Politechniki Wrocławskiej. _pMonografie ; _v42 |
|
| 040 | _cBPK | ||
| 041 | 0 |
_apol _beng |
|
| 080 | _a628.1:579.68:547 | ||
| 942 | _cKS | ||
| 008 | s pl f |000 0 pol | ||
| 999 |
_c44224 _d44224 |
||
| 856 |
_uhttp://koha.tu.koszalin.pl/cgi-bin/koha/opac-detail.pl?biblionumber=44224 _yKatalog online BPK |
||